000
00296pam a2200121 a 4500
020
_a
81-7649-676-6
_c
041
_h
082
_a
658
_b
HAY
100
_a
HAYNES M.E.,
245
_a
PERSONAL TIME MANAGEMENT
_h
Textual Documents
260
_a
NEW DELHI
_b
VIVA BOOKS PVT. LTD.
_c
2004
930
_a
12762
999
_c
132189
_d
132189